<?xml version="1.0" encoding="UTF-8"?><?xml-stylesheet type="text/xsl" href="static/style.xsl"?><OAI-PMH xmlns="http://www.openarchives.org/OAI/2.0/" xmlns:xsi="http://www.w3.org/2001/XMLSchema-instance" xsi:schemaLocation="http://www.openarchives.org/OAI/2.0/ http://www.openarchives.org/OAI/2.0/OAI-PMH.xsd"><responseDate>2026-04-29T11:07:10Z</responseDate><request verb="GetRecord" identifier="oai:riubu.ubu.es:10259/5639" metadataPrefix="marc">https://riubu.ubu.es/oai/request</request><GetRecord><record><header><identifier>oai:riubu.ubu.es:10259/5639</identifier><datestamp>2021-11-03T23:01:36Z</datestamp><setSpec>com_10259_2699</setSpec><setSpec>col_10259_2707</setSpec></header><metadata><record xmlns="http://www.loc.gov/MARC21/slim" xmlns:doc="http://www.lyncode.com/xoai" xmlns:xsi="http://www.w3.org/2001/XMLSchema-instance" xmlns:dcterms="http://purl.org/dc/terms/" xsi:schemaLocation="http://www.loc.gov/MARC21/slim http://www.loc.gov/standards/marcxml/schema/MARC21slim.xsd">
<leader>00925njm 22002777a 4500</leader>
<datafield tag="042" ind1=" " ind2=" ">
<subfield code="a">dc</subfield>
</datafield>
<datafield tag="720" ind1=" " ind2=" ">
<subfield code="a">Ortiz Palacio, Santiago</subfield>
<subfield code="e">author</subfield>
</datafield>
<datafield tag="260" ind1=" " ind2=" ">
<subfield code="c">2017</subfield>
</datafield>
<datafield tag="520" ind1=" " ind2=" ">
<subfield code="a">El objetivo de esta investigación es analizar la relación entre el resultado del ensayo&#xd;
SPT en suelos de diversa naturaleza con la velocidad de propagación de ondas sísmicas&#xd;
primarias (vp) y secundarias (vs) obtenidas mediante sísmica de refracción y análisis&#xd;
multicanal de ondas superficiales (MASW), respectivamente. Esto permitirá en&#xd;
aquellas campañas en la que solo se encuentre disponible un registro de resultados&#xd;
SPT poder obtener los órdenes de magnitud esperables de vp y vs y, así, poder&#xd;
determinar los parámetros de respuesta elástica del terreno. De forma dual, en zonas&#xd;
en las que no se pueda acceder con facilidad con equipos SPT o en estudios&#xd;
geotécnicos preliminares en los que no haya ensayos de penetración estándar&#xd;
disponibles, cuando se disponga de las velocidades sísmicas vp y vs, se podrá&#xd;
determinar el grado de variación esperable en el SPT en cada estrato del subsuelo.</subfield>
</datafield>
<datafield tag="024" ind2=" " ind1="8">
<subfield code="a">http://hdl.handle.net/10259/5639</subfield>
</datafield>
<datafield tag="024" ind2=" " ind1="8">
<subfield code="a">10.36443/10259/5639</subfield>
</datafield>
<datafield ind1=" " ind2=" " tag="653">
<subfield code="a">velocidades sísmicas</subfield>
</datafield>
<datafield ind1=" " ind2=" " tag="653">
<subfield code="a">onda p</subfield>
</datafield>
<datafield ind1=" " ind2=" " tag="653">
<subfield code="a">onda s</subfield>
</datafield>
<datafield ind1=" " ind2=" " tag="653">
<subfield code="a">SPT</subfield>
</datafield>
<datafield ind1=" " ind2=" " tag="653">
<subfield code="a">análisis dimensional</subfield>
</datafield>
<datafield ind1=" " ind2=" " tag="653">
<subfield code="a">seismic velocities</subfield>
</datafield>
<datafield ind1=" " ind2=" " tag="653">
<subfield code="a">p-wave</subfield>
</datafield>
<datafield ind1=" " ind2=" " tag="653">
<subfield code="a">s-wave</subfield>
</datafield>
<datafield ind1=" " ind2=" " tag="653">
<subfield code="a">dimensional analysis</subfield>
</datafield>
<datafield tag="245" ind1="0" ind2="0">
<subfield code="a">Análisis dimensional de la relación entre el ensayo de penetración estándar (SPT) y las velocidades de propagación sísmica primaria y secundaria</subfield>
</datafield>
</record></metadata></record></GetRecord></OAI-PMH>